Kluby Ukraińskiej Premier League 25/26 - Statystyki

Ogólne statystyki
  • Ten quiz został rozwiązany 10 razy
  • Średni wynik to 5 z 16
Statystyki odpowiedzi
Klub % Poprawnych
Dynamo Kijów
88%
Szachtar Donieck
75%
Polissia Żytomierz
50%
Karpaty Lwów
38%
Ołeksandrija
38%
Ruch Lwów
38%
Kołos Kowaliwka
25%
Krywbas Krzywy Róg
25%
Zoria Ługańsk
25%
Czerkasy
13%
Kudrivka Nyva
13%
Obołoń Kijów
13%
Poltava
13%
Epitsentr
0%
Metalist 1925
0%
Weres Równe
0%
Nie znaleziono quizów pasujących do podanych kryteriów
Rozkład punktacji
Procent ludzi z każdym wynikiem
Percentyl według liczby udzielonych odpowiedzi
Twoja historia wyników
Nie rozwiązałeś tego quizu